000 002930000a22001450004500
003 MACL
040 _aMACL
090 _c7520
_d7519
100 _aTagore, Ravindranath
245 _aThe Meaning of Art
260 _bLalit kala Akademi
350 _a2.50
650 _aArts
942 _cBOOK
_k700
999 _c7472
_d7472